Statistics for Countries with the Longest Cable-Stayed Bridges

Click here to take the quiz!

General Stats

  • This quiz has been taken 184 times
    (108 since last reset)
  • The average score is 10 of 15

Answer Stats

#Country% Correct
63China
99%
3Japan
91%
1France
87%
2Russia
86%
1United Kingdom
86%
6South Korea
77%
1Spain
72%
1Mexico
71%
1Vietnam
62%
1Thailand
59%
1Malaysia
57%
1Norway
53%
1Greece
45%
1North Korea
35%
1
Panama
20%

Score Distribution

Percentile by Number Answered

Percent of People with Each Score

Your Score History

You have not taken this quiz since the last reset